MUSIC FOR SIGHT SINGING (Record no. 215892)

MARC details
000 -LEADER
fixed length control field 00469nam a22001817a 4500
008 - FIXED-LENGTH DATA ELEMENTS--GENERAL INFORMATION
fixed length control field 250714b |||||||| |||| 00| 0 eng d
020 ## - INTERNATIONAL STANDARD BOOK NUMBER
International Standard Book Number 978-1-133-30903-1
100 ## - MAIN ENTRY--PERSONAL NAME
Personal name BENJAMIN THOMAS
245 ## - TITLE STATEMENT
Title MUSIC FOR SIGHT SINGING
250 ## - EDITION STATEMENT
Edition statement 6TH ED.
260 ## - PUBLICATION, DISTRIBUTION, ETC.
Place of publication, distribution, etc. NEW YORK
Name of publisher, distributor, etc. CENGAGE
Date of publication, distribution, etc. 2013
300 ## - PHYSICAL DESCRIPTION
Extent XVI,353P.
500 ## - GENERAL NOTE
General note INCLUDES AN INDEX
650 ## - SUBJECT ADDED ENTRY
Topical term or geographic name entry element SIGHT SINGING
700 ## - ADDED ENTRY--PERSONAL NAME
Personal name MICHAEL HORVIT, ROBERT NELSON
942 ## - ADDED ENTRY ELEMENTS (KOHA)
Source of classification or shelving scheme Library of Congress Classification
Koha item type Long Loan Book
Holdings
Withdrawn status Lost status Source of classification or shelving scheme Damaged status Not for loan Collection Home library Current library Shelving location Date acquired Inventory number Total checkouts Full call number Barcode Date last seen Copy number Price effective from Koha item type Date last checked out
    Library of Congress Classification     Arts & Social Sciences Kisii University Library Kisii University Library On Display 07/14/2025 109114   MT 870 .B46 2013 000000019087 07/14/2025 C.1 07/14/2025 Long Loan Book  
    Library of Congress Classification     Arts & Social Sciences Kisii University Library Kisii University Library On Display 07/14/2025 109115 1 MT 870 .B46 2013 000000019088 03/11/2026 C.2 07/14/2025 Long Loan Book 02/25/2026
    Library of Congress Classification     Arts & Social Sciences Kisii University Library Kisii University Library On Display 07/14/2025 109116   MT 870 .B46 2013 000000019089 07/14/2025 C.3 07/14/2025 Long Loan Book